000 00819nam a2200181 i 4500
001 154457
003 ES-MaACL
005 20250903063441.0
008 990804s1855 sp |||| | spa d
100 1 _aGómez Lobo, Leopoldo.
_9127697
245 1 0 _aConsideraciones relativas a la defensa de los estados en general y a las fortificaciones en particular, como introducción a una completa teoría defensiva, estratégica y táctica /
_cpor Leopoldo Gómez Lobo.
260 _aMadrid :
_b[s.n.],
_c1855 (
_fImp. del Memorial de Ingenieros)
300 _a221 p., [1] h. pleg. ;
_c24 cm.
650 4 _aFortificaciones.
_9136136
710 2 _aImprenta del Memorial de Ingenieros
_9134482
852 4 _aES-MaACL
_jT-33-F-2
_z- Enc. hol., falto de cub. original
_z- Enc. en un vol. facticio
999 _c154457
_d154457